000 00944cam a2200301 a 4500
001 916208
003 OSt
005 20160809145326.0
008 820727s1983 nju b 001 0 eng
010 _a 82014995
020 _a013049643X
040 _aDLC
_cDLC
_dDLC
050 0 0 _aLB3051
_b.Z54 1983
082 0 0 _a371.9
_219
100 1 _aZigmond, Naomi,
_d1941-
245 1 0 _aAssessment for instructional planning in special education /
_cNaomi Zigmond, Ada Vallecorsa, Rita Silverman.
260 _aEnglewood Cliffs, N.J. :
_bPrentice-Hall,
_cc1983.
300 _ax, 385 p. ;
_c25 cm.
500 _aIncludes indexes.
504 _aBibliography: p. 347-348.
650 0 _aEducational tests and measurements.
650 0 _aAbility
_xTesting.
650 0 _aSpecial education.
700 1 _aVallecorsa, Ada,
_d1948-
700 1 _aSilverman, Rita,
_d1939-
906 _a7
_bcbc
_corignew
_d1
_eocip
_f19
_gy-gencatlg
942 _2lcc
_cBOOKS
999 _c13040
_d13040